| 000 | 00791nac a22002171u 4500 | ||
|---|---|---|---|
| 020 | _a8127201030 | ||
| 082 | 0 | 0 |
_a344.1 _bM2147 |
| 090 |
_c1091 _d1091 |
||
| 100 | _aMaheshwari, N.K. | ||
| 245 | 0 | 0 |
_aBanking and Financial Services / _cN.K.Maheshwari, R.R. Paul. |
| 250 | _a2nd ed. | ||
| 260 |
_aNew Delhi : _bKalyani publishers, _c2002. |
||
| 300 |
_a1 v. (various pagings) : _c24 cm. |
||
| 650 | 0 | _aBanking law | |
| 650 | 0 |
_aFinancial services industry _xLaw and legislation |
|
| 650 | 0 |
_aInvestments _xLaw and legislation |
|
| 650 | 0 |
_aFinancial institutions _xLaw and legislation |
|
| 700 | 1 | _aBlair, William. | |
| 942 |
_cBB _k344.1M2147 |
||
| 999 |
_c1091 _d1091 |
||